000 00627nam a22002297a 4500
003 UA-OsUOA
001 41585
007 ta
008 20080921b un ||||| |||| 00| 0 ukr d
090 _a281.9
_bВ27
942 _cBK
040 _aUA-OsUOA
_bukr
_cUA-OsUOA
_dUA-OsUOA
245 _aВеликі роковини.
300 _a240 с.
955 _a4
041 _aukr
080 _a281.9
260 _aВінніпег
_b"Консисторія У.Г.П.Ц. в Канаді"
_c1938
246 3 1 _aІ,ІІ,ІІІ.
650 7 _a281.9 Східна православна церква і скопці
_2UDC
999 _c440085
_d440085